Future EU Members Quiz Stats

 Plays Quiz Updated Aug 13, 2019

Score 0/5 Timer 03:00
2 Plays Today
Status Country % Correct
CandidateTurkey
89.5%
CandidateSerbia
82.3%
CandidateMontenegro
74.7%
CandidateNorth Macedonia
73.9%
CandidateAlbania
73.3%

You're not logged in!

Compare scores with friends on all Sporcle quizzes.
OR
Log In

Sporcle TV

Today on Sporcle TV


Watch our educational content, quiz creation guides, and fun videos on Sporcle TV.

Show Comments

Extras

Top Quizzes Today


Score Distribution

Your Account Isn't Verified!

In order to create a playlist on Sporcle, you need to verify the email address you used during registration. Go to your Sporcle Settings to finish the process.

Report this User

Report this user for behavior that violates our Community Guidelines.

Details: